Recent advances in partial differential equations /

Saved in:
Bibliographic Details
Main Author: Angenent, Sigurd B.
Other Authors: Herrero, M. A. (Editor), Zuazua, E.
Format: Book
Language:English
Published: Chichester : John Wiley & Sons, 1994
Edition:[1st ed.]
Series:Research in applied mathematics Vol. 30
ISBN:0471944556
ISSN:0298-3168
Online Access: Get full text
Tags: Add Tag
No Tags, Be the first to tag this record!

MARC

LEADER 00000nam a2200000 4500
003 SK-BrCVT
005 20220617194853.0
008 960102s1994 xxk e ||||||eng d
020 |a 0471944556 
022 |a 0298-3168 
035 |a CVTIDW0936058 
040 |b slo  |a CVTI SR 
041 0 |a eng 
044 |a xxk 
080 |a 517.95  |2 UDC-MRF 
100 1 |a Angenent, Sigurd B. 
242 1 0 |a Najnovšie poznatky v problematike parciálnych diferenciálnych rovníc 
245 1 0 |a Recent advances in partial differential equations /  |c Authors: Sigurd B. Angenent and Co. ; Red.: M. A. Herrero, E. Zuazua 
250 |a [1st ed.] 
260 |a Chichester :  |b John Wiley & Sons,  |c 1994 
300 |a 150 s. :  |b lit. ; 
490 0 |a Research in applied mathematics  |v Vol. 30 
692 |a GM ML JM MM 
700 1 |a Herrero, M. A.  |4 edt 
700 1 |a Zuazua, E. 
760 1 |t Research in applied mathematics  |g Vol. 30 
910 |b A551325 
919 |a 0-471-94455-6 
974 |f Knihy 
992 |a AZN 
999 |c 103088  |d 103088